000
00339nam a2200145Ia 4500
008
150201s2009 xx 000 0 und d
082
_a
617.3
_b
M09B
100
_a
B0R0N, W.F.
245
_a
MEDICAL PHYSIOLOGY
250
_a
2ND
260
_b
SUNDERS
_a
PHILADELPHIA
_c
2009
300
_a
1-1337
650
_a
HUMAN PHYSIOLOGY
942
_2
ddc
_c
BK
999
_c
337
_d
337